| 000 | 00536nam a22001937a 4500 | ||
|---|---|---|---|
| 999 |
_c2911 _d2911 |
||
| 003 | OSt | ||
| 005 | 20210726095702.0 | ||
| 008 | 210726b ||||| |||| 00| 0 eng d | ||
| 020 | _a1256310468 | ||
| 040 | _cALUPE UNIVERSITY | ||
| 050 |
_aHF5735 _b.B87 2011 |
||
| 245 | _aintroduction to Understanding and Assessing the Business Management | ||
| 250 | _aCustom ed. | ||
| 260 |
_aCanada _bPeason _c2011 |
||
| 300 |
_av, 134p.; _bill.;[some col.;] _c28cm |
||
| 500 | _aincludes index. | ||
| 650 | _acommers, Ethics | ||
| 942 |
_2lcc _cBK _nJO |
||